Peníze v bankovním systému – analýza bilancí centrálních bank

Analýza trendov vývoja vybraných položiek bilancií bánk a ich vzájomné porovnanie tendencií v Českej republike, Európskej menovej únii a Spojených štátoch amerických. Dopad akcií sledovaných centrálných bánk na vývoj množstva penazí v ekonomike. Analýza hlavných faktorov zmien v bilanciách centráln...

Ausführliche Beschreibung

Gespeichert in:
Bibliographische Detailangaben
1. Verfasser: Revenda, Zbyněk
Format: Buchkapitel
Sprache:Tschechisch
Schlagworte:
Tags: Tag hinzufügen
Keine Tags, Fügen Sie das erste Tag hinzu!

MARC

LEADER 00000nla a2200000 4500
001 0234632
005 20240417075123.5
041 0 |a cze 
044 |a CZ 
245 1 0 |a Peníze v bankovním systému – analýza bilancí centrálních bank  |c Zbyněk Revenda 
520 |a Analýza trendov vývoja vybraných položiek bilancií bánk a ich vzájomné porovnanie tendencií v Českej republike, Európskej menovej únii a Spojených štátoch amerických. Dopad akcií sledovaných centrálných bánk na vývoj množstva penazí v ekonomike. Analýza hlavných faktorov zmien v bilanciách centrálnych bánk. 
610 2 0 |a bilancia finančná 
610 2 0 |a banky centrálne 
610 2 0 |a peniaze 
610 2 0 |a porovnanie medzinárodné 
610 2 0 |a Česko 
610 2 0 |a USA 
610 2 0 |a Európska únia 
100 1 |a Revenda, Zbyněk